|
|
|
|
| LEADER |
01036nam a2200265 a 4500 |
| 001 |
13592926 |
| 008 |
100928m20082002enka b 001 0 eng d |
| 010 |
|
|
|a 2004051817
|
| 020 |
|
|
|a 9788131720493
|
| 020 |
|
|
|a 0321204662 (case : alk. paper)
|
| 040 |
|
|
|a DLC
|c DLC
|d DLC
|d DB-DhAAL
|
| 082 |
0 |
0 |
|a 006.3/3
|2 22
|
| 100 |
1 |
|
|a Negnevitsky, Michael.
|
| 245 |
1 |
0 |
|a Artificial intelligence :
|b a guide to intelligent systems /
|c Michael Negnevitsky.
|
| 250 |
|
|
|a 2nd ed.
|
| 260 |
|
|
|a Harlow, England ;
|a New York ;
|a New Delhi :
|b Pearson Education,
|c 2002.[Impression 2008]
|
| 300 |
|
|
|a xiv, 415 p. :
|b ill. ;
|c 24 cm.
|
| 504 |
|
|
|a Includes bibliographical references and index.
|
| 541 |
1 |
|
|e 00021088
|
| 650 |
|
0 |
|a Expert systems (Computer science)
|
| 650 |
|
0 |
|a Artificial intelligence.
|
| 852 |
4 |
|
|a Ayesha Abed Library
|j General Shelf.
|
| 942 |
0 |
0 |
|0 1
|
| 999 |
|
|
|c 9566
|d 9566
|
| 952 |
|
|
|0 0
|1 0
|2 ddc
|4 0
|6 006_330000000000000_NEG_2008
|7 0
|9 12149
|a BRACUL
|b BRACUL
|c GEN
|d 2010-09-28
|l 9
|m 73
|o 006.33 NEG
|p 3010021088
|r 2025-11-02
|s 2025-10-26
|t 1
|w 2010-09-28
|y BK
|